000 00606nam a2200229Ia 4500
003 OSt
005 20221005113609.0
006 a|||||r|||| 00| 0
007 ta
008 221004b |||||||| |||| 00| 0 mal d
024 _a54491
037 _cTextual
040 _aCRL
_cCRL
_bmal
041 _2mal
_amal
082 _aO32xN04w,1, L4
100 _aPillai V.R> Parameswaran
_9303004
245 0 _aAa elupatu varsannal
260 _c1974
650 _aMALAYALAM LITERATURE
_938866
942 _hO32xN04w,1, L4
_cTEXL
_2cc
999 _c1028694
_d1028694